[Event "SVK-chT2C 10/11"]
[Site "Slovakia"]
[Date "2011.03.26"]
[Round "10.2"]
[White "Veis, Tomas"]
[Black "Jurcik, Rudolf"]
[Result "1/2-1/2"]
[WhiteElo "1800"]
[BlackElo "1507"]
[PlyCount "36"]
[EventDate "2010.10.23"]
[EventType "team-tourn"]
[EventRounds "11"]
[EventCountry "SVK"]
[SourceTitle "EXT 2019"]
[Source "ChessBase"]
[SourceDate "2018.10.10"]
[SourceVersion "1"]
[SourceVersionDate "2018.10.10"]
[SourceQuality "1"]
[WhiteTeam "Podpolanie"]
[BlackTeam "Cadca Caissa"]
[WhiteTeamCountry "SVK"]
[BlackTeamCountry "SVK"]

1. c4 c5 2. g3 g6 3. Bg2 Bg7 4. Nf3 Nf6 5. 0-0 0-0 6. Nc3 Nc6 7. d3 d6 8. e4 e5 9. h3 Nd4 10. Be3 a6 11. a3 Rb8 12. b4 b6 13. Rb1 Bd7 14. b5 a5 15. Qd2 Re8 16. Bh6 Bh8 17. Bg5 Qc8 18. Kh2 Be6 1/2-1/2